000 00723nam a2200253 a 4500
001 16819
003 BD-RjUL
005 20211209000044.0
008 140215s1982 caua 000 0 eng d
020 _a0890370419 (v. 1)
020 _a0890370788 (v. 2) :
035 _a(BD-RjUL)16874
040 _aDLC
_cDLC
_dDLC
_dBD-RjUL
_beng
041 _aeng
082 0 0 _a796.426
_bCOM 1982
_219
245 0 4 _aThe Complete runner /
_cedited by Bob Anderson.
_nVOLUME TWO
260 _aMountain View, Calif. :
_bRunner's World Books,
_cc1982.
300 _axii, 464 :
_bill. ;
_c24 cm.
650 0 _aRunning.
_951938
700 1 _aAnderson, Bob,
_d1947-
_951939
942 _2ddc
_cBK
999 _c16819
_d16819